Известия Собрания инженеров путей сообщения. [Г.2]1884, №1/2 (Запись № 4503561)

Подробности
000 -МАРКЕР
контрольное поле 01415nam2a22002531 4500
001 - ИДЕНТИФИКАТОР ЗАПИСИ
контрольное поле RU\NLR\INFOCOMM7\1000093312
005 - ИДЕНТИФИКАТОР ВЕРСИИ
контрольное поле 20250617013517.0
035 ## - ДРУГИЕ СИСТЕМНЫЕ НОМЕРА
Идентификатор записи (NLR Aleph) 002348019
100 ## - ДАННЫЕ ОБЩЕЙ ОБРАБОТКИ
Данные общей обработки 20041115d1884 |||y0rusy50 ca
101 0# - ЯЗЫК РЕСУРСА
Язык текста, звукозаписи и т.д. русский
102 ## - СТРАНА ПУБЛИКАЦИИ ИЛИ ПРОИЗВОДСТВА
Страна публикации российская федерация
105 ## - ПОЛЕ КОДИРОВАННЫХ ДАННЫХ: ТЕКСТОВЫЕ МАТЕРИАЛЫ, МОНОГРАФИЧЕСКИЕ
Кодированные данные о монографическом текстовом документе y |||||||||
200 0# - ЗАГЛАВИЕ И СВЕДЕНИЯ ОБ ОТВЕТСТВЕННОСТИ
Основное заглавие [Г.2]1884, №1/2
210 ## - ПУБЛИКАЦИЯ, РАСПРОСТРАНЕНИЕ И ДР.
Дата издания, распространения и т.д. 1884
Место издания, распространения и т.д. Б. м.
421 #0 - ПРИЛОЖЕНИЕ
Встроенное поле 2001#$aБиблиографический указатель статей по инжененрному делу, получаемых Собранием инженеров путей сообщения 1883 г.$v[Вып.1-2
-- 210##$aСпб.$d1884}
-- 309##$aПрипл.
Заглавие Библиографический указатель статей по инжененрному делу, получаемых Собранием инженеров путей сообщения 1883 г.
461 #0 - УРОВЕНЬ НАБОРА
Встроенное поле 001RU\NLR\INFOCOMM7\1000093310
-- 2001#$aИзвестия Собрания инженеров путей сообщения$v[Г.2]1884, №1/2
Системный номер (АБИС) связанной записи 4503559
Автор Собрание инженеров путей сообщения (Петербург)
Место публикации СПб.
Дата публикации 1883-1918
Заглавие Известия Собрания инженеров путей сообщения
Номер тома [Г.2]1884, №1/2
801 #1 - ИСТОЧНИК ЗАПИСИ
Страна российская федерация
Организация InfoComm
Дата составления 20041115
801 #0 - ИСТОЧНИК ЗАПИСИ
Страна российская федерация
Организация NLR
Правила каталогизации PSBO
852 ## - МЕСТОНАХОЖДЕНИЕ И ШИФР ХРАНЕНИЯ
Идентификатор организации NLR
Шифр хранения (Call Number) 2/745низ.
942 ## - ДОПОЛНИТЕЛЬНЫЕ ЭЛЕМЕНТЫ ЗАПИСИ (АБИС)
Тип экземпляра АБИС Выпуск
980 ## - КОЛЛЕКЦИЯ
Название коллекции Национальная библиография
980 ## - КОЛЛЕКЦИЯ
Название коллекции Русская периодика

Нет доступных экземпляров.